Detalles MARC
| 000 -LEADER |
| fixed length control field |
01982cam a2200361 a 4500 |
| 003 - CONTROL NUMBER IDENTIFIER |
| control field |
OSt |
| 005 - DATE AND TIME OF LATEST TRANSACTION |
| control field |
20200703130832.0 |
| 008 - FIXED-LENGTH DATA ELEMENTS--GENERAL INFORMATION |
| fixed length control field |
130820t 2012cl ad gr 000 0 spa d |
| 020 ## - INTERNATIONAL STANDARD BOOK NUMBER |
| International Standard Book Number |
9788492511372 |
| 040 ## - CATALOGING SOURCE |
| Original cataloging agency |
CO-BoPUJ |
| Transcribing agency |
CO-JMCR |
| 041 0# - LANGUAGE CODE |
| Language code of text/sound track or separate title |
spa |
| 082 04 - DEWEY DECIMAL CLASSIFICATION NUMBER |
| Classification number |
336.205 |
| Item number |
B827r |
| Edition number |
21 |
| 100 ## - MAIN ENTRY--PERSONAL NAME |
| Personal name |
Bárcena, Alicia, |
| Relator term |
editor |
| 9 (RLIN) |
6639 |
| 245 10 - TITLE STATEMENT |
| Title |
Reforma fiscal en América Latina |
| Remainder of title |
¿qué fiscalidad para qué desarrollo? |
| Statement of responsibility, etc. |
editores Alicia Bárcena y Narcís Serra |
| 260 ## - PUBLICATION, DISTRIBUTION, ETC. |
| Place of publication, distribution, etc. |
Chile : |
| Name of publisher, distributor, etc. |
Comisión Económica para América Latina, |
| Date of publication, distribution, etc. |
c2012. |
| 300 ## - PHYSICAL DESCRIPTION |
| Extent |
243 páginas : |
| Other physical details |
ilustraciones, cuadros y diagramas ; |
| Dimensions |
23 cm. |
| 504 ## - BIBLIOGRAPHY, ETC. NOTE |
| Bibliography, etc. note |
Bibliográfia en paginas 241- 243. |
| 505 0# - FORMATTED CONTENTS NOTE |
| Formatted contents note |
La coyuntura económica y social en América Latina y el Caribe |
| Statement of responsibility |
Jügen Weller |
| 505 0# - FORMATTED CONTENTS NOTE |
| Formatted contents note |
Resolviendo la trinidad imposible de los impuestos al consumo |
| 505 0# - FORMATTED CONTENTS NOTE |
| Formatted contents note |
Política, espacio fiscal y equidad / |
| Statement of responsibility |
Osvaldo Kacef |
| 505 0# - FORMATTED CONTENTS NOTE |
| Formatted contents note |
El gasto y la inversión públicos en América Latina en "la hora de la igualdad" |
| Statement of responsibility |
Ricardo Mather |
| -- |
Jorge Máttar |
| 505 0# - FORMATTED CONTENTS NOTE |
| Formatted contents note |
El presupuesto por resultados en América Latina: un análisis de economía política de sus determinaciones |
| Statement of responsibility |
Gabriel Filc |
| -- |
Carlos Scartascini |
| 505 0# - FORMATTED CONTENTS NOTE |
| Formatted contents note |
El pacto fiscal en el Perú: origen, reformas y desafíos |
| Statement of responsibility |
Luis Carranza |
| 505 0# - FORMATTED CONTENTS NOTE |
| Formatted contents note |
Hacia los pactos fiscales en América Latina: entre la reciprocidad y la confrontación |
| Statement of responsibility |
Juan Alberto Fuentes K. |
| 520 0# - SUMMARY, ETC. |
| Summary, etc. |
El crecimiento económico experimentado durante los últimos años en América Latina a permitido alcanzar progresivamente una sólida situación fiscal en la región. |
| 650 14 - SUBJECT ADDED ENTRY--TOPICAL TERM |
| Topical term or geographic name entry element |
Desarrollo sostenible |
| General subdivision |
Finanzas |
| Geographic subdivision |
América Latina |
| 9 (RLIN) |
6640 |
| 650 24 - SUBJECT ADDED ENTRY--TOPICAL TERM |
| Topical term or geographic name entry element |
América Latina |
| General subdivision |
Condiciones económicas |
| 9 (RLIN) |
6641 |
| 650 24 - SUBJECT ADDED ENTRY--TOPICAL TERM |
| Topical term or geographic name entry element |
América Latina |
| General subdivision |
Condiciones sociales |
| 9 (RLIN) |
6642 |
| 700 1# - ADDED ENTRY--PERSONAL NAME |
| Personal name |
Bárcena Ibarra, Alicia |
| Relator term |
Ed. |
| 9 (RLIN) |
6643 |
| 700 1# - ADDED ENTRY--PERSONAL NAME |
| Personal name |
Serra i Serra, Narcís |
| Relator term |
Ed. |
| 9 (RLIN) |
6644 |
| 942 ## - ADDED ENTRY ELEMENTS (KOHA) |
| Source of classification or shelving scheme |
Dewey Decimal Classification |
| Koha item type |
Books |